000 00826nas a2200265 4500
001 BR2012000158
003 BR-BrBNA
005 20231205115928.0
007 ta
008 230509b bl.|||p| |||| 00| 00por d
040 _aBR-BrBNA
_bpor
_cBiblioteca Nacional de Agricultura
041 _a(Pt)
072 _aL74
100 1 _aSouza Júnior, P.
100 1 _aSilva, S.S.R.
100 1 _aMartins, M.C.
245 1 _aSindrome de Kartagener em um cão (Canis lupus familiaris)da raça Cocker Spaniel Inglês
650 _aCÃO
650 _aSINDROME
650 _aDIAGNÓSTICO
650 _aTOMOGRAFIA
773 0 _tArquivo Brasileiro de Medicina Veterinária e Zootecnia (Brazil)
_xISSN 0102-0935
_g(Jun 2011), v. 63(3) p. 768-772
_wBR2012000158
909 _a202311
_bLúcia
_c55
_dLúcia Elande
942 _2AGRIS
_n0
_cANA
999 _c216344
_d216344